000 00458nam a2200193Ia 4500
003 OSt
005 20260624163144.0
008 210423s2005 xx 000 0 und d
040 _cAL
041 _aeng
082 _a658
_bPRAB
100 _aPRAKASH (Ved)
_985798
245 _aBusiness environment
260 _bAnmol Publications
_c2005
365 _b300
_cINR
650 _aManagement
_985799
906 _aBusiness ; environment
942 _2ddc
_cBK
999 _c158421
_d158421